Financing right to education: A study in four tribal districts of Orissa (Record no. 527106)
[ view plain ]
| 000 -LEADER | |
|---|---|
| fixed length control field | 00325nam a22000977a 4500 |
| 082 ## - DEWEY DECIMAL CLASSIFICATION NUMBER | |
| Classification number | SNT BA27x5414 In2 |
| 100 ## - MAIN ENTRY--PERSONAL NAME | |
| Personal name | Government of Orissa |
| 9 (RLIN) | 46905 |
| 245 ## - TITLE STATEMENT | |
| Title | Financing right to education: A study in four tribal districts of Orissa |
| Remainder of title | By Government of Orissa |
| 260 ## - PUBLICATION, DISTRIBUTION, ETC. (IMPRINT) | |
| Place of publication, distribution, etc | Orissa |
| Name of publisher, distributor, etc | Government of Orissa |
| Date of publication, distribution, etc | 2011 |
| 300 ## - PHYSICAL DESCRIPTION | |
| Extent | 34p |
| Withdrawn status | Lost status | Source of classification or shelving scheme | Damaged status | Koha normalized classification for sorting | Not for loan | Permanent location | Current location | Date acquired | Full call number | Barcode | Date last seen | Price effective from | Koha item type |
|---|---|---|---|---|---|---|---|---|---|---|---|---|---|
| SNT_BA27X5414_IN2 | Indian Institute of Public Administration | Indian Institute of Public Administration | 2024-08-02 | SNT BA27x5414 In2 | GR24949 | 2024-08-02 | 2024-08-02 | GR |
